|
|
|
|
| LEADER |
00766cam a2200205 7i4500 |
| 001 |
0000038482 |
| 005 |
20120905090000.0 |
| 020 |
|
|
|a 9789814266512 (hbk.)
|
| 090 |
0 |
0 |
|a JQ1063.A98
|b Y25 2010
|
| 100 |
1 |
|
|a Yap, Sonny
|
| 245 |
1 |
0 |
|a Men in white :
|b the untold story of Singapore's ruling political part
|c Sonny Yap, Richard Lim and Leong Weng Kam.
|
| 250 |
|
|
|a 2nd. ed.
|
| 260 |
|
|
|a Singapore:
|b Straits Times Press,
|c 2010.
|
| 300 |
|
|
|a xvi, 692 p.:
|b col. ill.;
|c 24 cm.
|
| 650 |
0 |
0 |
|a Political parties --
|x History --
|z Singapore
|
| 650 |
0 |
0 |
|a Singapore --
|x Politics and government
|
| 700 |
1 |
|
|a Lim, Richard
|
| 700 |
1 |
|
|a Leong, Weng Kam
|
| 999 |
|
|
|a 0000046814
|b BOK
|c OPEN SHELF
|e 1st Floor, Bestari Jaya
|
| 999 |
|
|
|a 0000046815
|b BOK
|c OPEN SHELF
|e 1st Floor, Shah Alam
|